=LDR 00000nam 2200000 4500 =001 INLIS000000000030021 =005 20130612132215 =008 ***********************************ind** =035 ##$$0010-061300000030021 =041 ##$$a ind =082 ##$$a 620.3 =090 ##$$a 620.3, SET t =100 ##$$a Seto, Williamk W =245 ##$$a Teori dan soal-soal getaran mekanis, (Mechanical vibrations), William W. Seto; alih bahasa, Dawin Sebayang =260 ##$$a 1992 $b Jakarta =300 ##$$a 211 hlm., ilus., 28 cm =650 ##$$a Getaran Mekanik =850 ##$$a NBPNMAT